Randomized response : a method for sensitive surveys

Αποθηκεύτηκε σε:
Λεπτομέρειες βιβλιογραφικής εγγραφής
Κύριος συγγραφέας: Fox, James Alan
Άλλοι συγγραφείς: Tracy, Paul E.
Μορφή: Βιβλίο
Γλώσσα:English
Δημοσίευση: Newbury Park : Sage Publications, c1986
Σειρά:Sage university papers series. Quantitative applications in the social sciences ; ; 58
Θέματα:
Ετικέτες: Προσθήκη ετικέτας
Δεν υπάρχουν, Καταχωρήστε ετικέτα πρώτοι!

MARC

LEADER 00000nam a2200000 i 4500
001 1/18363
008 981015s1986 eng d
020 |a 0-8039-2309-0 
035 |l 10020888 
040 |a GR-MY-UA  |b gre  |e aacr 
041 0 |a eng 
082 0 |a 301.0723 
100 1 |a Fox, James Alan. 
245 1 0 |a Randomized response :  |b a method for sensitive surveys /  |c James Alan Fox, Paul E. Tracy 
260 |a Newbury Park :   |b Sage Publications,   |c c1986 
300 |a 80 p. 
490 1 |a Sage university papers series. Quantitative applications in the social sciences  |v ; 58 
504 |a Bibliography: p. 76-79 
650 0 0 |a Social surveys. 
650 0 0 |a Social surveys  |x Response rate. 
650 0 0 |a Sampling (Statistics) 
700 1 |a Tracy, Paul E. 
830 0 |a Sage university papers series. Quantitative applications in the social sciences ;  |v ; 58 
852 |a INST  |b LESVOS  |e 19981015  |h 301.0723 FOX  |p 005100018447  |q 005100018447  |t BK  |y 0 
901 |a BIBL-1999-1 
909 |a Λ  |b 059670 
922 |a 1ΕΛΗ  |b 199809  |c ΚΠΣ/ΤΓ  |d ΠΑΠΑΣΩΤΗΡΙΟΥ 
950 |a 118-1998-07-23